000 00768nam a2200229 4500
003 CO-ViMGA
020 _a9789582700720
040 _aCO-ViMGA
_bspa
_cCO-ViMGA
090 _aN MEN1
100 1 _aMendoza Zambrano, Mario
_d1964
_98330
245 1 0 _aMi extraño viaje al mundo de Shambala
_cMario Mendoza ; ilustraciones Érika Buitrago
260 _aBogotá
_bArango
_c2014
300 _a205 páginas
_bilustraciones , 20 cm
490 _aEl elegido de Agartha
500 _aContiene datos biográficos del autor y de la ilustradora
650 1 4 _aHistorias de aventuras
_9837
650 1 4 _aLiteratura colombiana
_9589
650 1 4 _aNovela colombiana
_9588
650 1 4 _aNovela fantástica
_91292
700 1 _aBuitrago, Érika
_eilustrador
_913243
942 _2ddc
_cBK
999 _c11856
_d11856